000
00244nam a2200109Ia 4500
008
190912s9999||||xx |||||||||||||| ||und||
100
_a
Conan Doyle
245
0
_a
Sherlock Holmes
260
_a
Karachi
_b
Oxford
_c
1996
300
_a
88
942
_c
BK
999
_c
7289
_d
7289